000
00326 a2200121 4500
000
nam a22 7a 4500
005
20260429125248.0
020
_a
9788193245286
100
_a
Narasimha Karumanchi
_9
1235990
245
_a
Data Structures And Algorithms Made Easy
260
_b
CareerMonk Publications
_c
2023
942
_c
TEXL
999
_c
1848642
_d
1848642